|
|
|
|
| LEADER |
01724cas a2200241 a 4500 |
| 001 |
AALejournalIMF018596 |
| 008 |
230101c9999 xx r poo 0 0eng d |
| 020 |
|
|
|c 5.00 USD
|
| 020 |
|
|
|z 9781484363751
|
| 022 |
|
|
|a 1934-7685
|
| 040 |
|
|
|a BD-DhAAL
|c BD-DhAAL
|
| 110 |
2 |
|
|a International Monetary Fund.
|b European Dept.
|
| 245 |
1 |
0 |
|a Czech Republic :
|b Selected Issues.
|
| 264 |
|
1 |
|a Washington, D.C. :
|b International Monetary Fund,
|c 2018.
|
| 300 |
|
|
|a 1 online resource (31 pages)
|
| 490 |
1 |
|
|a IMF Staff Country Reports
|
| 500 |
|
|
|a <strong>Off-Campus Access:</strong> No User ID or Password Required
|
| 500 |
|
|
|a <strong>On-Campus Access:</strong> No User ID or Password Required
|
| 506 |
|
|
|a Electronic access restricted to authorized BRAC University faculty, staff and students
|
| 520 |
3 |
|
|a This Selected Issues paper examines the state of labor supply in the Czech Republic. The Czech working age population is projected to decline. This has important implications for labor supply and long-term growth. Policies to increase participation rates and retirement age are important and can mitigate the decline in labor force, but are unlikely to offset it. Under a combined moderate policy improvement scenario, the labor force is expected to decline by 3 percent in 2030 and 15 percent in 2050. Under the very optimistic (hence less likely) scenario, the labor force would increase by 3 percentage points by 2030, but then start to decline later with a gap of 8 percent by 2050.
|
| 538 |
|
|
|a Mode of access: Internet
|
| 830 |
|
0 |
|a IMF Staff Country Reports; Country Report ;
|v No. 2018/188
|
| 856 |
4 |
0 |
|z Full text available on IMF
|u http://elibrary.imf.org/view/journals/002/2018/188/002.2018.issue-188-en.xml
|z IMF e-Library
|